Riconosci il Pokémon - Quiz n°713 - Statistics

Statistiche generali
  • Questo quiz è stato fatto 1 volte
  • Il punteggio medio è 1 su 10
Statistiche sulle risposte
Indizio Riposta % Corretto
Generazione Quinta
100%
Altezza 1,4 m
0%
Peso 35,5 kg
0%
Tasso di cattura 45 (11.9%)
0%
Sesso 50% ♂, 50% ♀
0%
Abilità Forza Interiore; Rigenergia; Temerarietà
0%
Tipo Lotta
0%
Tasso di allevamento Medio-Lento
0%
Pokémon Mienshao
0%
Stadio evoluzione Prima evoluzione
0%
Nessun quiz corrispondente trovato
Distribuzione punteggi
Percentuale di utenti per punteggio
Percentile per numero di risposta
I tuoi punteggi nel tempo
Non hai fatto questo quiz